000 00407nam a2200169 i 4500
001 bg
100 1 _aBORZĘCKI, Maciej
245 0 _aAkupunktura /
_cMaciej Borzęcki.
260 _aWarszawa,
_c1987.
490 1 _aBiblioteka Problemów ;
_vt.286
830 _aBiblioteka Problemów ;
040 _cBPK
041 _apol
080 _a615.8
942 _cKS
008 s pl f |000 0 pol
999 _c23521
_d23521
856 _uhttp://koha.tu.koszalin.pl/cgi-bin/koha/opac-detail.pl?biblionumber=23521
_yKatalog online BPK